|
|
|
|
| LEADER |
01047nam a2200289 a 4500 |
| 001 |
GR-Patra19928 |
| 008 |
060906s1997 enk g 000 0 eng d |
| 020 |
|
|
|a 1857583949
|
| 040 |
|
|
|a GrPaTEI
|b gre
|c GR-PaULI
|
| 040 |
|
|
|a GrPaTEI
|b gre
|c GR-PaULI
|
| 082 |
|
0 |
|a 373.1262
|2 21
|
| 100 |
1 |
|
|a Floyd, David
|
| 245 |
1 |
0 |
|a Business studies :
|b a level /
|c David Floyd.
|
| 260 |
|
|
|a London :
|b Letts Educational,
|c c1997
|
| 300 |
|
|
|a 274 σ. :
|b εικ.
|
| 490 |
1 |
|
|a Study and revision support
|
| 500 |
|
|
|a Περιλαμβάνει ευρετήριο.
|
| 650 |
|
0 |
|a Business communication
|
| 650 |
|
0 |
|a BUSINESS MANAGEMENT
|
| 650 |
|
0 |
|a Business studing
|
| 650 |
|
0 |
|a Marketing
|
| 710 |
0 |
|
|a Letts educational
|
| 830 |
|
0 |
|1 00119929
|1 2001
|a Study and revision support
|
| 942 |
|
|
|2 ddc
|
| 952 |
|
|
|0 0
|1 0
|2 ddc
|4 0
|6 373_126200000000000_FLO
|7 0
|9 300279
|a LISK
|b LISK
|c BSC
|d 2021-01-17
|e 24
|f 0
|g 0.00
|l 0
|o 373.1262 FLO
|p 92410016416
|r 2021-01-17 00:00:00
|t 1
|w 2021-01-17
|y BK15
|x 20060906 0 1
|x GrPaTEI
|
| 971 |
|
|
|a .b26674439
|b 15-04-20
|c 23-09-16
|
| 999 |
|
|
|c 174623
|d 174623
|